00984nam a22001817a 4500003000500000005001700005008004100022020002300063040001400086041000600100082001500106100002000121245004300141260003700184300003700221520052400258610002000782322820240919114833.0240820b sa |||||d|||| 00| 1 eng d a9781444844436qpbk aRDAcOCLC 2E aLP EF PATT aPatterson, Roy. aThe fury of Zococa.cby Roy Patterson. aLeicestershire;bLinford;c2020. a194 pages;bLarge Print;c19 cm. aEnraged by the actions of ruthless hired gun Holt Danvers in killing rancher Frank Carver and leaving his young daughter Mary on the verge of death, flamboyant Mexican bandit Zococa and his mute Apache sidekick Tahoka vow vengeance. After leaving the severely injured Mary in the care of the monks at the San Maria mission, Zococa and his silent friend ride in pursuit of Danvers. The trail leads to the lawless town of Diablo. Can Zococa honour his vow before the giant Tahoka wreaks his own brand of Apache vengeance? aWestern fiction